书目信息 |
| 题名: |
生物磁学及其应用
|
|
| 作者: | 李国栋 编著 | |
| 分册: | ||
| 出版信息: | 北京 科学出版社 1983 |
|
| 页数: | 153页 | |
| 开本: | 19cm | |
| 丛书名: | ||
| 单 册: | ||
| 中图分类: | Q64 | |
| 科图分类: | ||
| 主题词: | 磁生物学 | |
| 电子资源: | ||
| ISBN: | ||
| 000 | 00615nam0 2200229 45 | |
| 001 | 0183006514 | |
| 005 | 20060410152829.62 | |
| 010 | @dCNY0.65 | |
| 091 | @b13031.2161 | |
| 100 | @a19950420d1983 em y0chiy0121 ea | |
| 101 | 0 | @achi |
| 102 | @aCN@b110000 | |
| 105 | @ay z 000yy | |
| 200 | 10 | @a生物磁学及其应用@Asheng wu ci xue ji qi ying yong@f李国栋编著@Fli guo dong bian zhu |
| 210 | @a北京@c科学出版社@d1983 | |
| 215 | @a153页@d19cm | |
| 606 | @a磁生物学 | |
| 690 | @aQ64@v4 | |
| 701 | 0 | @a李国栋@Ali guo dong@4编著 |
| 801 | 0 | @aCN@b上海图书馆@c20060410 |
| 801 | 2 | @aCN@bNLC@c20060310 |
| 905 | @dQ64@e4 | |
| 生物磁学及其应用/李国栋编著.-北京:科学出版社,1983 |
| 153页;19cm |
| ISBN :CNY0.65 |
| ● |
| 相关链接 |
|
|
|
|
正题名:生物磁学及其应用
索取号:Q64/4
 
预约/预借
| 序号 | 登录号 | 条形码 | 馆藏地/架位号 | 状态 | 备注 |
| 1 | 0099506 | 202220104 | 密集书库/ [索取号:Q64/4] | 在馆 | |
| 2 | 0099507 | 202196122 | 密集书库/ [索取号:Q64/4] | 在馆 | |
| 3 | 0099508 | 000703652 | 第三借阅区/ [索取号:Q64/4] | 在馆 | |
| 4 | 0099509 | 001936864 | 第三借阅区/ [索取号:Q64/4] | 在馆 | |
| 5 | 0099510 | 000702760 | 第二样本阅览室/ [索取号:Q64/4] | 在馆 |